駅ナンバリング、駅番号が「1」「01」の駅 - Statistics

General Stats
  • This quiz has been taken 194 times
    116 since last reset
  • The average score is 88 of 237
Answer Stats
番号 駅名 % Correct
JC01 | JE01 | JT01 | +2 others 東京
97%
KO01 | OH01 | S01 新宿
90%
DT01 | G01 | IN01 | +2 others 渋谷
88%
KK01 品川
86%
SI01 | TJ01 池袋
83%
I01 | MG01 | N01 目黒
81%
F01 | Y01 和光市
80%
MM01 | SO01 横浜
80%
JJ01 上野
78%
M01 荻窪
78%
JK01 | SMR1 大船
77%
C01 代々木上原
77%
A01 西馬込
77%
T01 中野
76%
NS01 | TD01 大宮
75%
H01 中目黒
74%
KS01 京成上野
74%
TS01 浅草
73%
TX01 秋葉原
73%
JR-F01 大阪
70%
JB01 三鷹
68%
SS01 西武新宿
68%
JN01 川崎
67%
R01 新木場
66%
OM01 大井町
65%
IK01 五反田
65%
JO01 久里浜
64%
B01 | JR-D01 | JR-E01 京都
64%
01 札幌
63%
NT01 日暮里
63%
U01 新橋
60%
AN01 名古屋
59%
JI01 鶴見
57%
E01 新宿西口
56%
TM01 多摩川
55%
KD01 長津田
55%
NH01 豊橋
55%
ID01 小田原
53%
SG01 三軒茶屋
52%
SK01 | ST01 国分寺
52%
MO01 モノレール浜松町
51%
SH01 新横浜
51%
EN01 藤沢
51%
A01 大阪難波
50%
SA01 三ノ輪橋
48%
E01 近鉄名古屋
48%
CA01 函南
47%
HK-01 | HS 01 大阪梅田
47%
CF01 | E01 | M01 金山
45%
SW01 武蔵境
44%
JR-O01 天王寺
43%
NK01 難波
43%
JR-L01 | JR-M01 | JR-N01 | +4 others 岡山
43%
B01 湘南台
42%
JR-B01 | JR-G01 | JR-P01 | +2 others 広島
42%
IS01 三島
41%
OE01 東林間
40%
G01 中山
40%
OR01 米原
40%
01 | JF01 | JI01 小倉
39%
H01 | ST01 栄町
38%
OT01 五月台
38%
TR01 西船橋
38%
TN01 杉戸高野台
36%
IZ01 伊東
36%
JR-A01 敦賀
36%
TI01 和戸
35%
N1 長野
35%
N01 泉中央
34%
T01 八木山動物公園
34%
SR01 芝山千代田
34%
F01 大阪阿部野橋
34%
HS01 新柴又
33%
SY01 多摩湖
33%
TT01 多摩センター
33%
CM01 千葉みなと
32%
CD01 銚子
31%
H01 高畑
31%
T01 上小田井
31%
S01 太閤通
31%
N01 麻生
30%
CB01 下曽我
30%
S01 新静岡
30%
KH01 淀屋橋
30%
N01 橋本
30%
WK01 桐生
28%
CJ01 八田
28%
FJ01 大月
28%
K01 上飯田
28%
K01 国際会館
28%
JK01 | K01 姪浜
28%
1 新杉田
27%
ET01 新浜松
27%
AK01 松本
27%
L01 藤が丘
27%
T01 宮の沢
26%
CR01 羽生
26%
CD01 船町
25%
TR01 大垣
25%
MY01 三河知立
25%
01 和歌山
25%
GD01 吉原
24%
01 岡崎
24%
IY01 下小田井
24%
KB01 新開地
24%
01 那覇空港
24%
KK01 弘前
23%
CC01 柚木
23%
E1 福井
23%
TA01 豊田本町
23%
SY 01 西代
23%
T01 西鉄福岡(天神)
23%
CG01 長森
22%
Y01 大曽根
22%
KC01 高横須賀
22%
T01 六地蔵
22%
sh01 木古内
20%
KW01 中央弘前
20%
RN1 馬橋
20%
GN01 北安城
20%
TB01 甚目寺
20%
KG01 鵜沼宿
20%
P01 三宮
20%
M1 広島駅
20%
JH01 鳥栖
20%
CE01 尾張森岡
19%
BE01 上田
19%
T01 電鉄富山
19%
1 駅前
19%
DY01 湯の川
18%
TH01 西笠松
18%
CH01 東名古屋港
18%
JA01 | JC01 吉塚
18%
H01 中洲川端
18%
NK01 貝塚
18%
A01 北鉄金沢
17%
1 新豊橋
17%
TK01 八幡
17%
MU01 重原
17%
HM01 富岡前
17%
HN01 天王寺駅前
17%
R01 住吉
17%
A1 四条大宮
17%
E01 出町柳
17%
S01 谷上
16%
H01 | S01 岡山駅前
16%
U1 本通
16%
OR01 八代
16%
SC01 西4丁目
16%
I01 野町
15%
TT01 上豊田
15%
BS01 町方
15%
KM01 羽黒
15%
K01 三宮・花時計前
15%
1 電鉄出雲市
15%
JB01 竹下
15%
CI01 美濃川合
14%
NS01 川西能勢口
14%
JD01 西戸崎
14%
I01 | N01 鹿児島駅前
14%
SN01 塩尻
13%
01 宇都宮駅東口
13%
OT01 石山寺
13%
B1 撮影所前
13%
JE01 折尾
13%
F1 福知山
11%
B1 | KD01 上熊本
11%
Y01 香西
10%
B01 | T01 佐古
10%
JJ01 新飯塚
10%
CK01 黒崎駅前
10%
HC1 直方
10%
H01 西桑名
9%
M01 阿波富田
9%
JG01 桂川
9%
A01 甘木
9%
C01 南富山駅前
8%
W1 八丁堀
8%
U01 市坪
8%
D01 西鉄五条
8%
1 田崎橋
8%
1 明智
7%
S01 近鉄富田
7%
K01 入明
7%
IY01 高浜
7%
K01 | N01 片原町
6%
01 松山市駅前
6%
F1 北府
5%
Y1 十日市町
5%
E1 舟入町
5%
S01 今橋
5%
1 人吉温泉
5%
1 前平公園
3%
MR1 球場前
3%
No matching quizzes found
Score Distribution
Percent of People with Each Score
Percentile by Number Answered
Your Score History
You have not taken this quiz since the last reset